Datum a čas kvízu
20.5
Celkem bodů
Celkový počet nahraných bodů na tomto kvízu bez doplňovacích otázek.
12.
Pořadí na kvízu
Konečné umístění týmu na tomto kvízu.
Zaznamenané odpovědi
| # | Otázka | Odpověď | Body | Výsledky |
|---|---|---|---|---|
| 1. | Ve středu byl do vedení Poslan... | Jan Bartošek; KDU-ČSL | 0 | |
| 2. | Minulý týden jsme se dozvěděli... | C | 1 | |
| 3. | 46letá polsko-italská herečka... | C) je zastánkyní práva na potrat | 0 | |
| 4. | Která velká čínská firma prodá... | Shein | 1 | |
| 5. | Který český fotbalový klub by... | FC Baník Ostrava | 0 | |
| 6. | První novodobé hry se konaly v... | C | 1 | |
| 7. | U maratonu ještě zůstaneme. Me... | v Římě, běžel bosky | 0.5 | |
| 8. | V roce 1976 v Montrealu k finá... | 14 let (13 nebo 15 let za půl bodu) | 0 | |
| 9. | Nyní se přeneseme na olympijsk... | Kateřina Kůrková, Matthew Emmons | 0 | |
| 10. | Na závěr postupně uslyšíte tři... | 3, 2, 1 | 1 |